000 00924nam0a22002531 4500
001 v19\rc\1550584
005 20260406213616.0
035 _a(NLR Aleph) 004665923
090 _a3613111
_c3613111
100 _a20060620d1889 |||y0rusy50 ca
101 0 _arus
102 _aRU
105 _ay z |||||
200 1 _aРуководящие данные при постройке полевых укреплений и батарей, полевых и осадных, и примерные типы укреплений и батарей
_eСост. при Штабе 3 Сапер. бригады
210 _a[Киев]
_d1889
215 _a[2], 38, II с.
_d17
710 0 2 _aСаперная бригада
_c3
_9438735
_3RU\NLR\AUTH\889971132
801 0 _aRU
_bNLR
_gpsbo
801 0 _aRU
_bRuMoRGB
_2psbo
801 1 _aRU
_bProSoft-M
_2rusmarc
852 _aNLR
_j18.277.1.304
899 _aБАН
942 _cBOOK
980 _aNB